Guess the Taylor Swift song by the first line #2 - Statistics

General Stats
  • This quiz has been taken 2,181 times
  • The average score is 13 of 15
Answer Stats
First line Song % Correct
" Nice to meet you, where you been? I could show you incredible things " Blank Space
98%
" I have this thing where I get older but just never wiser, midnights become my afternoons " Anti-hero
97%
" He said, "Let's get out of this town, drive out of the city, away from the crowds" " Wildest Dreams
93%
" I walked through the door with you, the air was cold " All Too Well
92%
" Fever dream high in the quiet of the night, you know that I caught it " Cruel Summer
90%
" I am not the kind of girl, who should be rudely barging in on a white veil occasion " Speak Now
90%
" You booked the night train for a reason, so you could sit there in this hurt " champagne problems
88%
" It was the best of times, the worst of crimes, I struck a match and blew your mind " Getaway Car
88%
" I never trust a narcissist, but they love me " IDid Something Bad
88%
" Baby love, I think I've been a little too kind, didn't notice you walking all over my peace of mind " Bejeweled
86%
" There's somethin' bout the way, the street looks when it's just rained " Fearless
80%
" Make sure nobody sees you leave, hood over your head, keep your eyes down " illicit affairs
80%
" Staring at the ceiling with you, oh, you don't ever say too much " Lavender Haze
76%
" You were in college, working part-time, waiting tables, left a small town, never looked back " Mine
76%
" We gather here, we line up, weepin' in a sunlit room " my tears ricochet
73%
No matching quizzes found
Score Distribution
Percent of People with Each Score
Percentile by Number Answered
Your Score History
You have not taken this quiz